[Event "FIDE World Blitz 2014"]
[Site "Dubai UAE"]
[Date "2014.06.20"]
[Round "17.27"]
[White "Efimenko, Zahar"]
[Black "Maletin, Pavel"]
[Result "0-1"]
[WhiteTitle "GM"]
[BlackTitle "GM"]
[WhiteElo "2648"]
[BlackElo "2588"]
[WhiteFideId "14107201"]
[BlackFideId "4146786"]
[EventDate "2014.06.19"]

1. Nf3 Nf6 2. g3 b6 3. Bg2 Bb7 4. O-O g6 5. c4 Bg7 6. Nc3 O-O 7. Re1 Ne4 8. Nxe4
Bxe4 9. d4 e6 10. Bg5 Qc8 11. Qd2 d6 12. Bh6 Qb7 13. Bxg7 Kxg7 14. Rad1 Nd7 15.
d5 Bxf3 16. exf3 e5 17. f4 Rae8 18. Qc3 Kg8 19. f5 Qb8 20. Bh3 Qd8 21. Qe3 Kg7
22. b4 Nf6 23. a3 Qe7 24. Qf3 g5 25. Bf1 h6 26. Qc3 Qd7 27. Bd3 c5 28. dxc6 Qxc6
29. Bf1 Rc8 30. Qb2 Rfd8 31. Rd2 Qf3 32. Bd3 Rd7 33. Re3 Qb7 34. Bf1 Qc7 35. Qb1
d5 36. cxd5 Rxd5 37. Rxd5 Nxd5 38. Re1 Nf6 39. Qa1 Qc3 40. Qxc3 Rxc3 41. Rxe5
Rxa3 42. Re7 Nd5 43. Rb7 Nxb4 44. Bc4 Kf6 45. Rxf7+ Ke5 46. Rf8 Rc3 47. Bb5 a6
48. Bd7 Nd5 49. Re8+ Kf6 50. Re6+ Kf7 51. Rd6 Nf6 52. Be6+ Ke7 53. Rxb6 a5 54.
Ra6 Ra3 55. h3 a4 56. Bc4 Ra1+ 0-1

[Event "FIDE World Blitz 2014"]
[Site "Dubai UAE"]
[Date "2014.06.20"]
[Round "17.29"]
[White "Savchenko, Boris"]
[Black "Gundavaa, Bayarsaikhan"]
[Result "1-0"]
[WhiteTitle "GM"]
[BlackTitle "GM"]
[WhiteElo "2581"]
[BlackElo "2501"]
[WhiteFideId "4147332"]
[BlackFideId "4901045"]
[EventDate "2014.06.19"]

1. e4 c5 2. Nf3 e6 3. c3 d5 4. e5 d4 5. Bd3 Nc6 6. O-O Nge7 7. Qe2 Nd5 8. Qe4 g6
9. a3 Bg7 10. b4 dxc3 11. dxc3 O-O 12. Bg5 Qc7 13. Re1 a6 14. c4 Nde7 15. bxc5
Nf5 16. g4 Nfe7 17. Bf6 Rd8 18. Nbd2 Bd7 19. Qe3 Be8 20. Ne4 Nxe5 21. Nxe5 Nc6
22. Bxg7 Nxe5 23. Qh6 Nxg4 24. Nf6+ 1-0

[Event "FIDE World Blitz 2014"]
[Site "Dubai UAE"]
[Date "2014.06.20"]
[Round "17.30"]
[White "Jobava, Baadur"]
[Black "Zhigalko, Sergei"]
[Result "0-1"]
[WhiteTitle "GM"]
[BlackTitle "GM"]
[WhiteElo "2713"]
[BlackElo "2678"]
[WhiteFideId "13601520"]
[BlackFideId "13502956"]
[EventDate "2014.06.19"]

1. d4 Nf6 2. Nc3 d5 3. Bf4 Bf5 4. f3 e6 5. g4 Bg6 6. h4 h5 7. g5 Nfd7 8. e3 Bd6
9. Nh3 Nc6 10. Nb5 Bxf4 11. Nxf4 Bf5 12. Bd3 Ne7 13. Qd2 a6 14. Nc3 c5 15. O-O-O
cxd4 16. exd4 Bxd3 17. Nxd3 Qb6 18. Ne2 g6 19. Kb1 Nf5 20. c3 Qd6 21. f4 b5 22.
Ng1 a5 23. Nf3 Nb6 24. Nfe5 Nc4 25. Qf2 O-O 26. Rc1 Rfc8 27. Rhe1 b4 28. Nc5
bxc3 29. bxc3 Rab8+ 30. Ka1 Na3 31. Re2 Rb5 32. Rb2 Rcb8 33. Rxb5 Rxb5 34. Ned7
Qc7 35. Qe2 Qxf4 36. Nd3 Qe3 37. Qd1 Nc4 38. Rb1 Rxb1+ 39. Qxb1 Kg7 40. N7c5 Qd2
41. Qb3 Nxh4 42. a4 Nf3 43. Nxe6+ Kh7 44. Nef4 Nxg5 45. Kb1 Qxd3+ 46. Nxd3 Nd2+
47. Kc2 Nxb3 48. Kxb3 Ne4 49. Nf4 h4 50. c4 Nd2+ 51. Kc3 Nxc4 52. Nxd5 h3 53.
Nf6+ Kg7 54. Ng4 Nb6 55. Kd3 f5 56. Nh2 Kf6 57. Ke3 g5 58. Kf3 Nxa4 59. Kg3 g4
60. Kf4 Nc3 61. Kg3 a4 0-1

[Event "FIDE World Blitz 2014"]
[Site "Dubai UAE"]
[Date "2014.06.20"]
[Round "17.31"]
[White "Ganguly, Surya Shekhar"]
[Black "Van Wely, Loek"]
[Result "0-1"]
[WhiteTitle "GM"]
[BlackTitle "GM"]
[WhiteElo "2619"]
[BlackElo "2654"]
[WhiteFideId "5002150"]
[BlackFideId "1000268"]
[EventDate "2014.06.19"]

1. e4 c5 2. Nf3 e6 3. d4 cxd4 4. Nxd4 a6 5. Be2 Nf6 6. Nc3 d6 7. O-O Be7 8. Be3
O-O 9. f4 Nc6 10. a4 Qc7 11. Kh1 Re8 12. Bf3 Rb8 13. g4 Nd7 14. g5 b6 15. Bg2
Bb7 16. Qh5 g6 17. Qh4 Bf8 18. Rf3 Bg7 19. Nb3 Nb4 20. Rh3 Nf8 21. Qf2 Ba8 22.
Rf1 b5 23. axb5 axb5 24. Ba7 Rbc8 25. Bb6 Qb7 26. Bd4 e5 27. fxe5 Bxe5 28. Rf3
Rc7 29. Bxe5 Rxe5 30. Na5 Qa7 31. Qd2 Qxa5 32. Qxd6 Ree7 33. Rf6 Nxc2 34. Nd5
Bxd5 35. Qxd5 Ne3 36. Rxf7 Rxf7 0-1

[Event "FIDE World Blitz 2014"]
[Site "Dubai UAE"]
[Date "2014.06.20"]
[Round "17.33"]
[White "Potkin, Vladimir"]
[Black "Ragger, Markus"]
[Result "1/2-1/2"]
[WhiteTitle "GM"]
[BlackTitle "GM"]
[WhiteElo "2621"]
[BlackElo "2632"]
[WhiteFideId "4131061"]
[BlackFideId "1610856"]
[EventDate "2014.06.19"]

1. d4 d5 2. c4 c6 3. cxd5 cxd5 4. Bf4 Nc6 5. e3 Nf6 6. Nc3 Bf5 7. Qb3 Na5 8.
Bb5+ Bd7 9. Qa4 Nc6 10. Qd1 a6 11. Bd3 Bg4 12. Nge2 e6 13. f3 Bh5 14. O-O Bg6
15. Na4 Be7 16. Rc1 Nd7 17. a3 O-O 18. b4 e5 19. dxe5 Ndxe5 20. Bxg6 Nxg6 21.
Bg3 Re8 22. Nac3 Bg5 23. f4 Bh4 24. Nxd5 Bxg3 25. Nxg3 Nge7 26. e4 Nxd5 27. exd5
Qb6+ 28. Kh1 Rad8 29. f5 Ne5 30. f6 g6 31. Ne4 Nd7 32. Qg4 Qd4 33. Qh4 Qxe4 34.
Qh6 Nxf6 35. Rxf6 Rxd5 36. Rcf1 Rd7 37. h3 Qe3 38. Qh4 Qxa3 39. Qc4 Qd3 40. Qxd3
Rxd3 41. Rxf7 Rde3 42. Rxb7 Re1 43. Rxe1 Rxe1+ 44. Kh2 Re3 45. Ra7 Rb3 1/2-1/2

[Event "FIDE World Blitz 2014"]
[Site "Dubai UAE"]
[Date "2014.06.20"]
[Round "17.34"]
[White "Salem, A.R. Saleh"]
[Black "Mchedlishvili, Mikheil"]
[Result "1/2-1/2"]
[WhiteTitle "GM"]
[BlackTitle "GM"]
[WhiteElo "2581"]
[BlackElo "2632"]
[WhiteFideId "9301348"]
[BlackFideId "13600966"]
[EventDate "2014.06.19"]

1. d4 Nf6 2. c4 e6 3. Nf3 b6 4. a3 Ba6 5. Qc2 Bb7 6. Nc3 c5 7. dxc5 bxc5 8. h3
Be7 9. Bf4 O-O 10. e3 d6 11. Be2 Nbd7 12. O-O a6 13. Rfd1 Qc7 14. Rab1 Rfd8 15.
b4 h6 16. Bg3 Ne8 17. Nd2 Rdc8 18. Nde4 e5 19. Bg4 cxb4 20. axb4 Rd8 21. Qb3
Rac8 22. Nd5 Bxd5 23. cxd5 Rb8 24. Qa4 Rb6 25. Rdc1 Qb7 26. Rc6 Ndf6 27. Nxf6+
Nxf6 28. Bf3 Rb8 29. Rbc1 Rxb4 30. Qxa6 Qxa6 31. Rxa6 Rb1 32. Rxb1 Rxb1+ 33. Kh2
Rb8 34. e4 g6 35. Ra4 Nd7 36. Ra7 Rd8 37. Bg4 f5 38. exf5 h5 39. f6 Nxf6 40.
Be6+ Kf8 41. f4 Ne4 42. Be1 exf4 43. Ra4 Nf6 44. Rxf4 Kg7 45. Bc3 Rb8 46. Ra4
Rb3 47. Bd4 Rb7 48. g4 hxg4 49. hxg4 g5 50. Ra8 Kg6 51. Bf5+ Kf7 52. Be6+ Kg6
53. Kg2 Rb4 54. Bf5+ Kf7 55. Be6+ Kg6 56. Bxf6 Bxf6 57. Rg8+ Kh7 58. Rf8 Be5 59.
Bf5+ Kg7 60. Rd8 1/2-1/2

[Event "FIDE World Blitz 2014"]
[Site "Dubai UAE"]
[Date "2014.06.20"]
[Round "17.35"]
[White "Kasimdzhanov, Rustam"]
[Black "Moradiabadi, Elshan"]
[Result "1-0"]
[WhiteTitle "GM"]
[BlackTitle "GM"]
[WhiteElo "2700"]
[BlackElo "2586"]
[WhiteFideId "14200244"]
[BlackFideId "12501255"]
[EventDate "2014.06.19"]

1. g3 h5 2. Nf3 d6 3. Bg2 e5 4. d3 Be7 5. h4 Nc6 6. c4 Bg4 7. Nh2 Be6 8. Nc3 Nf6
9. Bg5 Qd7 10. Rb1 Rb8 11. b4 Ng4 12. Nf3 f6 13. Bd2 Nd8 14. b5 Nf7 15. O-O O-O
16. e3 c6 17. Qa4 d5 18. bxc6 Qxc6 19. Qd1 dxc4 20. Nxe5 Qc7 21. Ng6 Rfd8 22.
Nf4 Bf5 23. d4 Bxb1 24. Qxb1 b5 25. Qg6 b4 26. Ncd5 Qd6 27. Nxh5 Bf8 28. Qxg4 c3
29. Ndxf6+ Kh8 30. Qg6 gxf6 31. Nxf6 1-0

[Event "FIDE World Blitz 2014"]
[Site "Dubai UAE"]
[Date "2014.06.20"]
[Round "17.36"]
[White "Onischuk, Vladimir"]
[Black "Nielsen, Peter Heine"]
[Result "1-0"]
[WhiteTitle "GM"]
[BlackTitle "GM"]
[WhiteElo "2594"]
[BlackElo "2654"]
[WhiteFideId "14114038"]
[BlackFideId "1400355"]
[EventDate "2014.06.19"]

1. e4 c5 2. Nf3 d6 3. d4 cxd4 4. Nxd4 Nf6 5. Nc3 g6 6. g3 Nc6 7. Bg2 Nxd4 8.
Qxd4 Bg7 9. e5 dxe5 10. Qxd8+ Kxd8 11. Be3 Ng4 12. Bc5 Bd7 13. h3 Nf6 14. O-O-O
Kc8 15. Bxe7 Re8 16. Bxf6 Bxf6 17. Bxb7+ Kxb7 18. Rxd7+ Kc6 19. Rxf7 Rf8 20.
Rxf8 Rxf8 21. Ne4 Be7 22. Rd1 g5 23. c4 h5 24. Rd5 h4 25. Rxe5 Bd8 26. b4 Rf3
27. a4 a6 28. Re6+ Kc7 29. Rxa6 1-0

[Event "FIDE World Blitz 2014"]
[Site "Dubai UAE"]
[Date "2014.06.20"]
[Round "17.37"]
[White "Ghaem Maghami, Ehsan"]
[Black "Kryvoruchko, Yuriy"]
[Result "1/2-1/2"]
[WhiteTitle "GM"]
[BlackTitle "GM"]
[WhiteElo "2582"]
[BlackElo "2707"]
[WhiteFideId "12500739"]
[BlackFideId "14109182"]
[EventDate "2014.06.19"]

1. c4 e5 2. g3 Nf6 3. Bg2 c6 4. d4 exd4 5. Qxd4 d5 6. Nf3 Be6 7. cxd5 cxd5 8.
O-O Nc6 9. Qa4 Bc5 10. Nc3 O-O 11. Qb5 Bb6 12. Na4 Ne4 13. Nxb6 Qxb6 14. Qxb6
axb6 15. Be3 b5 16. Nd4 Nxd4 17. Bxd4 Rfc8 18. Rfd1 Rc2 19. Kf1 h6 20. Ke1 Ra4
21. f3 Nd6 22. a3 Kh7 23. Bc3 Nc4 24. Rdc1 Ne3 25. Kf2 d4 26. Bxd4 Rxc1 27. Rxc1
Nxg2 28. e3 Nxe3 29. Kxe3 b4 30. axb4 Rxb4 31. Rc7 Kg6 32. Bc3 Rb5 33. g4 h5 34.
h3 hxg4 35. hxg4 Rb6 36. Kf4 Bd5 37. Kg3 Kh7 38. Rd7 Be6 39. Rc7 Rd6 40. Rxb7
Rd3 41. Rb4 g5 42. Rd4 Rxd4 43. Bxd4 Bb3 44. Kf2 Kg6 45. Ke3 f5 46. gxf5+ Kxf5
47. Bb6 g4 48. fxg4+ Kxg4 49. Kd4 Kf5 50. Kc3 Bd5 51. b3 Bxb3 52. Kxb3 Ke5 1/2-1/2

[Event "FIDE World Blitz 2014"]
[Site "Dubai UAE"]
[Date "2014.06.20"]
[Round "17.38"]
[White "Fier, Alexandr"]
[Black "Moiseenko, Alexander"]
[Result "1/2-1/2"]
[WhiteTitle "GM"]
[BlackTitle "GM"]
[WhiteElo "2580"]
[BlackElo "2707"]
[WhiteFideId "2107139"]
[BlackFideId "14102560"]
[EventDate "2014.06.19"]

1. d4 Nf6 2. Nf3 e6 3. c4 Bb4+ 4. Nbd2 b6 5. a3 Bxd2+ 6. Bxd2 Bb7 7. g3 Nc6 8.
Be3 O-O 9. Bg2 Na5 10. Rc1 d5 11. cxd5 Bxd5 12. Bf4 c5 13. dxc5 bxc5 14. O-O Nb3
15. Rc3 c4 16. Bg5 h6 17. Bxf6 Qxf6 18. e4 Bxe4 19. Rxc4 Bd5 20. Qxb3 Rab8 21.
Qc3 Bxc4 22. Qxc4 Qxb2 23. Qa4 Rfc8 24. h4 Rc7 25. h5 Rbc8 26. Nh4 Qc2 27. Qb4
Qc5 28. Bf3 Qxb4 29. axb4 Rc1 30. Be2 R8c2 31. Rxc1 Rxc1+ 32. Kg2 Rc2 33. Bf1
Kf8 34. Nf3 Ke7 35. Nd4 Rb2 36. b5 Kd6 37. Kf3 Ra2 38. Ke4 Ra4 39. Ke3 Ra3+ 40.
Bd3 f5 41. f4 Ra1 42. Nc6 a6 43. Nd4 axb5 44. Nxb5+ Ke7 45. Nd4 Rh1 46. Be2 Ra1
47. Nc6+ Kf6 48. Ne5 Ra3+ 49. Bd3 Ra1 50. g4 Rh1 51. Be2 Rh3+ 52. Bf3 fxg4 53.
Nxg4+ Ke7 54. Ne5 Rh2 55. Ke4 Ra2 56. Nc6+ Kf6 57. Nd4 Ra4 58. Bg4 Ra6 59. Bh3
Rb6 60. Bf1 Rb4 61. Bd3 Ra4 62. Bc2 Rb4 63. Bb3 Rb6 64. Ba4 Rb4 65. Bd7 Ke7 66.
Bc8 Kf6 67. Ba6 Ra4 68. Bd3 Rb4 69. Ke3 Ra4 70. Bg6 e5 71. fxe5+ Kxe5 72. Nf3+
Kf6 73. Kf2 Ra3 74. Kg3 Rc3 75. Kf4 Rc4+ 76. Be4 g6 77. hxg6 Rxe4+ 78. Kxe4 Kxg6 1/2-1/2

[Event "FIDE World Blitz 2014"]
[Site "Dubai UAE"]
[Date "2014.06.20"]
[Round "17.41"]
[White "Georgiev, Kiril"]
[Black "Al-Sayed, Mohammed"]
[Result "1-0"]
[WhiteTitle "GM"]
[BlackTitle "GM"]
[WhiteElo "2644"]
[BlackElo "2505"]
[WhiteFideId "2900017"]
[BlackFideId "12100196"]
[EventDate "2014.06.19"]

1. c4 Nf6 2. Nc3 g6 3. g3 Bg7 4. Bg2 c5 5. Nf3 O-O 6. O-O d5 7. cxd5 Nxd5 8. d3
Nc6 9. Bd2 Nc7 10. a3 a5 11. Na4 Ne6 12. Rc1 Rb8 13. Nxc5 Bxb2 14. Rb1 Bxa3 15.
Ne4 Bb4 16. Bh6 Re8 17. h4 Ned4 18. Bf4 Ra8 19. h5 Bg4 20. hxg6 hxg6 21. Neg5 e5
22. Be3 Kg7 23. Rb2 Qd7 24. Qb1 f6 25. Bxd4 exd4 26. Ne4 Bh3 27. Qc1 Rh8 28. Qf4
Raf8 29. Nh4 Bxg2 30. Kxg2 Ne7 31. Rfb1 Nd5 32. Qf3 Rc8 33. Rxb4 axb4 34. Rxb4
Rc6 35. Rxd4 Nf4+ 36. Qxf4 Qxd4 37. Qg4 f5 38. Nxf5+ 1-0

[Event "FIDE World Blitz 2014"]
[Site "Dubai UAE"]
[Date "2014.06.20"]
[Round "17.42"]
[White "Faisal, Abdulla"]
[Black "Lenic, Luka"]
[Result "0-1"]
[WhiteTitle "CM"]
[BlackTitle "GM"]
[WhiteElo "2270"]
[BlackElo "2659"]
[WhiteFideId "9301232"]
[BlackFideId "14603853"]
[EventDate "2014.06.19"]

1. e4 c6 2. c4 d5 3. exd5 cxd5 4. cxd5 Nf6 5. Nc3 Nxd5 6. Nf3 Nc6 7. Bb5 e6 8.
O-O Be7 9. d4 O-O 10. Re1 Nf6 11. Bg5 Nb4 12. Ne5 a6 13. Be2 h6 14. Bh4 Bd7 15.
Bf3 Bc6 16. Nxc6 bxc6 17. Rc1 Rb8 18. a3 Nbd5 19. b4 a5 20. bxa5 Qxa5 21. Na4
Ra8 22. Nc5 Qxa3 23. Bxd5 cxd5 24. Bxf6 Bxf6 25. Nd7 Bg5 26. Rb1 Rfd8 27. Ne5
Bf6 28. Nf3 Rab8 29. h3 Rdc8 30. Rxb8 Rxb8 31. Qc2 Qb3 32. Qc7 Qb7 33. Qf4 Qb4
34. h4 Rc8 35. Ra1 Qb2 36. Ra7 Qc1+ 37. Qxc1 Rxc1+ 38. Kh2 g5 39. hxg5 hxg5 40.
Kg3 Rc2 41. Ne5 Bxe5+ 42. dxe5 Re2 43. f4 gxf4+ 44. Kxf4 Re4+ 45. Kg5 Rxe5+ 46.
Kf6 Rf5+ 47. Ke7 Kg7 48. Ra3 Rf2 49. Rg3+ Kh6 50. Rg8 Kh5 51. Kd6 d4 52. Ke5 d3
53. Rd8 d2 54. g3 Kg4 55. Rd3 Re2+ 56. Kf6 Rf2+ 57. Ke5 Rf5+ 58. Ke4 Rd5 0-1

[Event "FIDE World Blitz 2014"]
[Site "Dubai UAE"]
[Date "2014.06.20"]
[Round "17.43"]
[White "Adly, Ahmed"]
[Black "Kovalev, Vladislav"]
[Result "0-1"]
[WhiteTitle "GM"]
[BlackTitle "GM"]
[WhiteElo "2594"]
[BlackElo "2554"]
[WhiteFideId "10601619"]
[BlackFideId "13504398"]
[EventDate "2014.06.19"]

1. d4 Nf6 2. Nf3 g6 3. e3 Bg7 4. b3 O-O 5. Bb2 Ne4 6. Bd3 d5 7. O-O c5 8. c4 Nc6
9. cxd5 Qxd5 10. Qe2 Bf5 11. Rd1 cxd4 12. Bc4 Qa5 13. Nxd4 Nxd4 14. exd4 Nd6 15.
Nc3 Rac8 16. Nd5 Rfe8 17. Ne3 Nxc4 18. bxc4 Bd7 19. d5 Bxb2 20. Qxb2 b5 21. cxb5
Qxb5 22. Qd4 Qc5 23. Qf4 Qd6 24. Qd4 Qc5 25. Qf4 Qd6 26. Qh6 Rc7 27. h4 Rec8 28.
h5 a5 29. hxg6 hxg6 30. g3 Qe5 31. Qh4 Qf6 32. Qxf6 exf6 33. d6 Rc5 34. Nd5 Kg7
35. Nb6 Rd8 36. Rac1 Rb5 37. Nxd7 Rxd7 38. Rc6 Rb2 39. a4 Rb4 40. Rc7 Rxc7 41.
dxc7 Rc4 42. Rd7 f5 43. Kg2 Kf6 44. Rd5 Rxc7 45. Rxa5 Rc4 46. Ra8 f4 47. gxf4
Rxf4 48. a5 Ra4 49. a6 Ra3 50. Kf1 Kf5 51. Ke2 Kf4 52. a7 g5 53. Kd2 g4 54. Ke2
f5 55. Kf1 Kf3 56. Ke1 f4 57. Rb8 Ra1+ 58. Kd2 Rxa7 59. Rb4 Ra2+ 60. Kd3 Rxf2
61. Rb3 Re2 62. Kd4+ Re3 63. Rb1 g3 64. Rg1 Kg4 65. Rb1 f3 66. Rb7 Kh3 67. Rf7
Kg2 0-1

[Event "FIDE World Blitz 2014"]
[Site "Dubai UAE"]
[Date "2014.06.20"]
[Round "17.44"]
[White "Sandipan, Chanda"]
[Black "Vakhidov, Jahongir"]
[Result "1-0"]
[WhiteTitle "GM"]
[BlackTitle "IM"]
[WhiteElo "2594"]
[BlackElo "2471"]
[WhiteFideId "5004225"]
[BlackFideId "14201801"]
[EventDate "2014.06.19"]

1. d4 Nf6 2. Nf3 g6 3. Nbd2 Bg7 4. e4 d6 5. Bc4 O-O 6. O-O c6 7. h3 d5 8. Bd3
dxe4 9. Nxe4 Nbd7 10. c3 Nxe4 11. Bxe4 Nf6 12. Bc2 b6 13. a4 a5 14. Bf4 Be6 15.
Re1 Bd5 16. Ne5 b5 17. b3 Qb6 18. c4 bxc4 19. bxc4 Be6 20. c5 Qa6 21. Rb1 Nd5
22. Bd2 Rab8 23. Bd3 Qa8 24. Qf3 Bxe5 25. Rxe5 Rxb1+ 26. Bxb1 Qb8 27. Be4 Qb2
28. Qd3 Qa1+ 29. Kh2 Qxa4 30. f4 Nf6 31. f5 Nxe4 32. fxe6 Nxd2 33. exf7+ Rxf7
34. Qxd2 Qa1 35. Re6 Rf1 36. Rxe7 Rh1+ 37. Kg3 Rd1 38. Qh6 Qc3+ 39. Kh2 Qxd4 1-0

[Event "FIDE World Blitz 2014"]
[Site "Dubai UAE"]
[Date "2014.06.20"]
[Round "17.46"]
[White "Goloshchapov, Alexander"]
[Black "Al Qudaimi, Basheer"]
[Result "1-0"]
[WhiteTitle "GM"]
[BlackTitle "IM"]
[WhiteElo "2586"]
[BlackElo "2396"]
[WhiteFideId "14103222"]
[BlackFideId "9400346"]
[EventDate "2014.06.19"]

1. d4 f5 2. g3 Nf6 3. Bg2 g6 4. Nf3 Bg7 5. O-O O-O 6. b3 d6 7. Bb2 Na6 8. c4 c6
9. Nc3 Nc7 10. Qc2 Kh8 11. Rfe1 d5 12. Rad1 Be6 13. Ne5 Bg8 14. Nb1 e6 15. e3
Ng4 16. Nxg4 fxg4 17. e4 Qg5 18. Nc3 dxc4 19. bxc4 Rad8 20. e5 Qe7 21. Ne4 Ne8
22. Qe2 h5 23. Bc1 Rf5 24. h3 gxh3 25. Bxh3 Qb4 26. a3 Qb6 27. Bxf5 exf5 28. Nd6
Nxd6 29. exd6 c5 30. dxc5 Qxc5 31. d7 Kh7 32. Qe7 Qxe7 33. Rxe7 Kh8 34. Rxg7
Kxg7 35. Bg5 1-0

[Event "FIDE World Blitz 2014"]
[Site "Dubai UAE"]
[Date "2014.06.20"]
[Round "17.48"]
[White "Salgado Lopez, Ivan"]
[Black "Shyam, Sundar M."]
[Result "0-1"]
[WhiteTitle "GM"]
[BlackTitle "GM"]
[WhiteElo "2622"]
[BlackElo "2468"]
[WhiteFideId "2257327"]
[BlackFideId "5019141"]
[EventDate "2014.06.19"]

1. e4 d5 2. exd5 Qxd5 3. Nc3 Qd8 4. Nf3 Nf6 5. d4 a6 6. Be2 g6 7. O-O Bg7 8. Re1
O-O 9. h3 b5 10. Bg5 Bb7 11. a3 Nbd7 12. Qd2 c5 13. dxc5 Nxc5 14. Qe3 Ne6 15.
Bh4 Rc8 16. Rad1 Qc7 17. Bg3 Qc5 18. Qxc5 Rxc5 19. Ne5 Re8 20. Bf3 Bxf3 21. Nxf3
Nh5 22. Be5 f6 23. Bh2 Kf7 24. Rd7 Nhf4 25. h4 h6 26. Bxf4 Nxf4 27. g3 Ne6 28.
Ne4 Rc6 29. Red1 Kf8 30. c3 f5 31. Ned2 Nc5 32. Ra7 Rd6 33. Rb1 e5 34. h5 e4 35.
Nh4 Rxd2 36. Nxg6+ Kg8 37. Nh4 Rd5 38. Rc1 e3 39. fxe3 Rxe3 40. Rf1 Rxg3+ 41.
Kh2 Rg5 42. Nf3 Rxh5+ 43. Kg3 Ne4+ 44. Kf4 Bf8 45. Rg1+ Ng5 46. Rxa6 Bd6+ 47.
Ke3 Rh3 0-1

[Event "FIDE World Blitz 2014"]
[Site "Dubai UAE"]
[Date "2014.06.20"]
[Round "17.49"]
[White "Glek, Igor"]
[Black "Debashis, Das"]
[Result "0-1"]
[WhiteTitle "GM"]
[BlackTitle "GM"]
[WhiteElo "2438"]
[BlackElo "2484"]
[WhiteFideId "4100484"]
[BlackFideId "5024854"]
[EventDate "2014.06.19"]

1. e4 e5 2. Nf3 Nc6 3. Nc3 Nf6 4. g3 d5 5. exd5 Nxd5 6. Bg2 Nxc3 7. bxc3 Bc5 8.
O-O O-O 9. d3 Bg4 10. h3 Bh5 11. g4 Bg6 12. Ng5 h6 13. Ne4 Bb6 14. Ng3 Qf6 15.
a4 Rad8 16. g5 hxg5 17. Qg4 Qd6 18. Bxg5 Rde8 19. Bc1 f5 20. Qc4+ Bf7 21. Qh4
Qg6 22. Ba3 f4 23. Be4 Qxg3+ 24. Qxg3 fxg3 25. Kg2 gxf2 26. Bxc6 bxc6 27. a5
Bd5+ 28. Kh2 Be3 29. Bxf8 Rxf8 30. Rab1 Bf3 31. Ra1 0-1

[Event "FIDE World Blitz 2014"]
[Site "Dubai UAE"]
[Date "2014.06.20"]
[Round "17.50"]
[White "Breckenridge, Steven James"]
[Black "Nezad, Husein Aziz"]
[Result "0-1"]
[WhiteTitle "FM"]
[BlackTitle "IM"]
[WhiteElo "2299"]
[BlackElo "2365"]
[WhiteFideId "2043700"]
[BlackFideId "12100293"]
[EventDate "2014.06.19"]

1. e4 e5 2. Nf3 Nc6 3. Bc4 Nf6 4. Ng5 d5 5. exd5 Na5 6. Bb5+ c6 7. dxc6 bxc6 8.
Bd3 h6 9. Ne4 Nd5 10. O-O Nf4 11. Re1 Nxd3 12. cxd3 Be7 13. Ng3 O-O 14. Rxe5 Bf6
15. Re1 Qxd3 16. Nc3 Ba6 17. Qa4 Nb7 18. Qxc6 Rac8 19. Qe4 Nc5 20. Qe3 Bd4 21.
Qf4 Rfe8 22. Nce4 Bb7 23. Qf3 f5 24. Nxf5 Rxe4 25. Qxd3 Nxd3 26. Rxe4 Bxe4 27.
Ne7+ Kf7 28. Nxc8 Ke6 29. Kf1 Bxf2 30. Ke2 Bd4 31. g3 Kd7 32. Nxa7 Bxa7 33. b3
Bd4 34. Rb1 Nf4+ 35. gxf4 Bxb1 36. Ba3 Bxa2 37. b4 Ke6 38. Kd3 Bg1 39. h3 Kd5
40. Bb2 g6 41. Bg7 h5 42. Kc3 Bc4 43. d3 Bb5 44. Bf6 Be3 45. Be5 Bf2 46. Kd2 Bg3
47. Ke3 Bd7 48. d4 Be1 49. b5 Bxb5 50. f5 gxf5 51. Kf4 Bd3 52. Kg5 h4 53. Bf6
Bg3 54. Kh5 Ke4 55. d5 Kxd5 56. Bxh4 Bxh4 57. Kxh4 Ke4 58. Kg3 Ke3 59. h4 f4+
60. Kg4 f3 0-1

[Event "FIDE World Blitz 2014"]
[Site "Dubai UAE"]
[Date "2014.06.20"]
[Round "17.51"]
[White "Al-Hajiri, Bader"]
[Black "Michalik, Peter"]
[Result "1-0"]
[BlackTitle "GM"]
[WhiteElo "2095"]
[BlackElo "2557"]
[WhiteFideId "10300163"]
[BlackFideId "14907526"]
[EventDate "2014.06.19"]

1. e4 c6 2. d4 d5 3. Nc3 dxe4 4. Nxe4 Bf5 5. Ng3 Bg6 6. h4 h6 7. Nf3 Nd7 8. h5
Bh7 9. Bd3 Bxd3 10. Qxd3 e6 11. Bf4 Qa5+ 12. Bd2 Bb4 13. c3 Be7 14. c4 Qc7 15.
O-O-O Ngf6 16. Kb1 O-O 17. Ne4 b5 18. c5 Rfd8 19. Nxf6+ Nxf6 20. Qc2 Ng4 21. g3
Nxf2 22. Bf4 Nxd1 23. Bxc7 Ne3 24. Qe4 Rdc8 25. Qxe3 Rxc7 26. Ne5 Rd8 27. g4 Rd5
28. Rf1 Bg5 29. Qe4 Bf6 30. Nf3 Rcd7 31. Rd1 a5 32. Kc2 a4 33. a3 Kh8 34. Rd2
Kg8 35. Qf4 Rb7 36. Rg2 Rbd7 37. g5 hxg5 38. Nxg5 Rxd4 39. Ne4 Rc4+ 40. Kb1 Kf8
41. h6 Rd1+ 42. Ka2 Rcc1 43. Qxc1 Rxc1 44. h7 Rh1 45. Nxf6 Rh6 46. Nd7+ Ke7 47.
Ne5 Rxh7 48. Nxc6+ Kd7 49. Nd4 f5 50. c6+ Kd6 51. Rc2 Kd5 52. c7 Rh8 53. Nxb5
Rc8 54. Na7 Rxc7 55. Rxc7 g5 56. Nb5 g4 57. Nc3+ Kd4 58. Rd7+ Ke5 59. Nxa4 g3
60. Rg7 f4 61. Nc3 Kd4 62. Ne2+ Ke3 63. Nxf4 Kxf4 64. a4 e5 65. a5 e4 66. Kb1 e3
67. Kc2 Kf3 68. Kd3 1-0

[Event "FIDE World Blitz 2014"]
[Site "Dubai UAE"]
[Date "2014.06.20"]
[Round "18.1"]
[White "Mamedov, Rauf"]
[Black "Nepomniachtchi, Ian"]
[Result "1/2-1/2"]
[WhiteTitle "GM"]
[BlackTitle "GM"]
[WhiteElo "2659"]
[BlackElo "2730"]
[WhiteFideId "13401653"]
[BlackFideId "4168119"]
[EventDate "2014.06.19"]

1. e4 c5 2. c3 Nf6 3. e5 Nd5 4. Nf3 Nc6 5. Bc4 Nb6 6. Bb3 d5 7. exd6 c4 8. Bc2
e5 9. d3 cxd3 10. Qxd3 Qxd6 11. Qe2 Bg4 12. h3 Bh5 13. Nbd2 Be7 14. Ne4 Qc7 15.
Ng3 Bg6 16. Nf5 O-O 17. O-O Rae8 18. Re1 Bc5 19. Be4 Nd7 20. Bg5 Bb6 21. Rad1
Nc5 22. Bxc6 bxc6 23. Nd6 Re6 24. Nc4 f6 25. Be3 Nb7 26. Nh4 Nd6 27. Nxd6 Rxd6
28. Nxg6 hxg6 29. Qc4+ Kh7 30. Qh4+ Kg8 31. Qc4+ Kh7 32. Qh4+ 1/2-1/2

[Event "FIDE World Blitz 2014"]
[Site "Dubai UAE"]
[Date "2014.06.20"]
[Round "18.5"]
[White "Korobov, Anton"]
[Black "Aronian, Levon"]
[Result "1-0"]
[WhiteTitle "GM"]
[BlackTitle "GM"]
[WhiteElo "2680"]
[BlackElo "2815"]
[WhiteFideId "14105730"]
[BlackFideId "13300474"]
[EventDate "2014.06.19"]

1. d4 Nf6 2. c4 e6 3. Nf3 d5 4. Nc3 Bb4 5. Bg5 dxc4 6. e3 b5 7. a4 c6 8. Nd2 a6
9. axb5 cxb5 10. Nxb5 axb5 11. Rxa8 Bb7 12. Ra1 Nbd7 13. Be2 Bxg2 14. Rg1 Bd5
15. Bf3 h6 16. Bxd5 exd5 17. Bxf6 Nxf6 18. Kf1 O-O 19. Nf3 Ne4 20. Ne5 Bd6 21.
Qg4 Qf6 22. f4 g5 23. Nd7 Qd8 24. Nxf8 Bxf8 25. h4 b4 26. hxg5 hxg5 27. fxg5 c3
28. bxc3 bxc3 29. g6 Qf6+ 30. Qf4 Qxf4+ 31. exf4 Nd2+ 32. Ke2 Nb3 33. Ra7 fxg6
34. Rxg6+ Kh8 35. Kd3 Bb4 36. Rc6 1-0